000 00473nam a22001577a 4500
005 20251108172207.0
008 250721s1986 xx 000 0 ara d
082 1 4 _a634.8/كرو
100 1 _aسوريال، جميل فهيم
245 1 0 _aكروم العنب و طرق إنتاجها /
264 1 _aنيقوسيا :
_bالدار العربية للنشر و التوزيع،
_c1986.
300 _a232ص
650 1 7 _aالعنب
942 _2ddc
_cBK
999 _c72808
_d72808